|
|
|
|
| LEADER |
00000nab a2200000 ar4500 |
| 001 |
vtls009938197 |
| 003 |
SK-MaSNL |
| 005 |
20260303045040.0 |
| 008 |
090810c2009 xo |||||| | ||00 b|slo |
| 015 |
|
|
|a SNBRB2009/08
|2 snkbucl
|
| 038 |
|
|
|a SNKBUCL
|
| 040 |
|
|
|a SNKBUCL
|b slo
|c SNKBUCL
|e AACR2
|
| 041 |
0 |
|
|a slo
|
| 044 |
|
|
|a xo
|c SK
|
| 080 |
|
|
|a 797.212.071.2
|2 2001
|
| 100 |
1 |
|
|a Brenkusová, Bronislava
|4 aut
|4 ivr
|9 433152
|
| 245 |
1 |
0 |
|a Liečim sa na Slovensku
|c Martina Moravcová, text Bronislava Brenkusová
|
| 300 |
|
|
|b Fotogr.
|
| 600 |
1 |
7 |
|a Moravcová, Martina,
|d 1976-
|2 snkbucl
|
| 650 |
0 |
7 |
|a plavkyne
|2 snkbucl
|9 182797
|
| 655 |
|
7 |
|a rozhovory
|2 snkbucl
|9 31831
|
| 700 |
1 |
|
|a Moravcová, Martina,
|d 1976-
|4 aut
|4 ive
|
| 773 |
0 |
|
|t Zdravie
|g Roč. 65, (máj 2009), s. 12-15
|x 0044-1953
|
| 852 |
|
|
|a SNK
|b KIS3GCP
|
| 999 |
|
|
|c 1702372
|d 1704302
|